| 000 | 00642nam a22002057a 4500 | ||
|---|---|---|---|
| 003 | 0 | ||
| 005 | 20240111085824.0 | ||
| 008 | 240111b xxu||||| |||| 00| 0 eng d | ||
| 020 | _a978-0-367-85900-8 | ||
| 050 |
_aPN 4784 _b.In57 2022 |
||
| 100 | _aOrgeret, Kristin Skare | ||
| 245 |
_aInsights on peace and conflict reporting _c Kristin Skare Orgeret |
||
| 260 |
_aLondon ; New York _bRoutledge _cc2022. |
||
| 300 |
_ax, 169 pages ; _c25 cm. |
||
| 504 | _aIncludes bibliographical references and index. | ||
| 650 | _aWar--press coverage. | ||
| 650 | _aJournalism. | ||
| 650 | _aSocial conflict--press coverage. | ||
| 942 |
_2lcc _cBK |
||
| 999 |
_c365843 _d365843 |
||